000 01888cam a2200565 4500
008 000000n2001 000 0 eng u
020 _a1900915189
035 _a(Sirsi) u118911
050 _a690.241
_c18
110 _aBuilding Conservation Directory
_93988
245 _aHistoric churches : the conservation and repair of ecclesiastical buildings.
250 _a8th ed.
260 _aTisbury
_bCathedral Communications Limited
_c2001
350 _a5.95
490 _aBuilding Conservation Directory Special Report
_v1
505 _aWhose church is it anyway?
505 _aThe churches of Alexander 'Greek' Thompson
505 _aCautious expressions of faith
505 _aThe conservation of alabaster
505 _aBut then we shall see face to face
505 _aDoing the chores
505 _aStructural roof repairs
505 _aThe Heston lych-gate
505 _aListed buildings
505 _aThe ancient art of the locksmith
505 _aOrgan donors
505 _aOrgan builders map
520 _aAn annual looking at issues surrounding the conservation and repair of churches which includes a directory of useful orgnaisations, products and services.
650 _aALABASTER
650 _aCHURCHES
650 _aHISTORIC BUILDINGS
650 _aLISTED BUILDINGS
650 _aLOCKS
650 _aLYCHGATES
650 _aORGANS
690 _aBUILT ENVIRONMENT-BUILDING MAINTENANCE AND REFURBISHMENT-BUILDING CONSERVATION
700 _aHawley, Nigel
700 _aTaylor, Jonathan
_xEditor
700 _aTaylor, Jonathan
700 _aMoffatt, Hannah
700 _aFreeman, Jennifer M.
700 _aCox, Dennis
700 _aMathews, Susan
700 _aTaylor, Jonathan
700 _aYeomans, David
700 _aLadbroke, Julian
700 _aOlifent, Valerie
700 _aBriscoe, Rodney
942 _n0
999 _c102196
_d102196